Rozvoj systémov business intelligence
Gespeichert in:
| 1. Verfasser: | |
|---|---|
| Format: | Buchkapitel |
| Sprache: | Slowakisch |
| Schlagworte: | |
| Tags: |
Keine Tags, Fügen Sie das erste Tag hinzu!
|
MARC
| LEADER | 00000nla a2200000 4500 | ||
|---|---|---|---|
| 001 | 0215366 | ||
| 005 | 20240502073608.1 | ||
| 041 | 0 | |a slo | |
| 044 | |a SK | ||
| 245 | 1 | 0 | |a Rozvoj systémov business intelligence |c Štefan Čarnický |
| 500 | |a Abstrakt | ||
| 610 | 2 | 0 | |a riadenie podnikové |
| 610 | 2 | 0 | |a business intelligence |
| 100 | 1 | |a Čarnický, Štefan | |